00455 2200145 4500001002100000008004100021035002000062245005800082100001700140260002500157300001400182082001000196650009000206990001300296INLIS000000000000536 ind  a0010-0322000536 aSIASAT CERDIK SI RAJA KERA DONGENG DAN MEWARNAIcIKHA aRAHIMSYAH AR aSURABAYAbSERBA JAYA ahlm.ccm. a398.2 aFOLK LITERATURE, FAIRY TALES, MYTH, MYTHOLOGY/CERITA RAKYAT, DONGENG, MITOS, MITOLOGI a102699-1